Genreflecting : a guide to reading interests in genre fiction (Record no. 30454)

MARC details
000 -LEADER
fixed length control field 00643nam a2200181Ia 4500
020 ## - INTERNATIONAL STANDARD BOOK NUMBER
ISBN 0872879305
050 ## - CALL MARK
Classification number PS 374 .P63 R67/
100 ## - STATEMENT OF RESPONSIBILITY--MAIN AUTHOR NAME
Personal name Rosenberg, Betty
245 #0 - TITLE STATEMENT
Title Genreflecting : a guide to reading interests in genre fiction
260 ## - PUBLICATION, DISTRIBUTION, ETC. (IMPRINT)
Place of publication Colorado
260 ## - PUBLICATION, DISTRIBUTION, ETC. (IMPRINT)
Name of publisher Libraries Unlimited
260 ## - PUBLICATION, DISTRIBUTION, ETC. (IMPRINT)
Year of publication 1991
300 ## - PHYSICAL DESCRIPTION
Number of Pages 345 p
650 ## - SUBJECT ADDED ENTRY--TOPICAL TERM
Topical Term American fiction --Stories, plots, etc. Popular literature --Stories, plots, etc. English fiction --Stories, plots, etc. Fiction --Bibliography. Reading interests. Fiction genres --Bibliography.
942 ## - ADDED ENTRY ELEMENTS (KOHA)
Koha item type Books
Holdings
Withdrawn status Lost status Source of classification or shelving scheme Damaged status Not for loan Permanent Location Current Location Date acquired Accession Number Price effective from Koha item type
    Library of Congress Classification     NILE UNIVERSITY OF NIGERIA - MAIN LIBRARY NILE UNIVERSITY OF NIGERIA - MAIN LIBRARY 04/23/2025 0005915 04/23/2025 Books